000 01005cab a2200253 4500
001 ABS54200
008 090401t1995 xxu||||| |||| 00| 0 eng d
035 _a(Sirsi) u8982
041 _aeng
245 _aKeepers and Governors of the Possessions Revenues and Goods of the Free Grammar School of John Lyon v James and others
260 _c1995
350 _a0
490 _aWeekly Law Reports
_v(1995) 3 WLR 908-913(6)
520 _aCA 30 June 1995. Four protected subtenants were declared protected tenants following the forfeiture of a head lease. The landlord appealed on the grounds that they could only be statutory tenants. Appeal dismissed.
650 _aHEADLEASE
650 _aPROTECTED TENANCY
650 _aRENT ACT 1977
650 _aPROPERTY-RESIDENTIAL PROPERTY-RESIDENTIAL LANDLORD AND TENANT-RESIDENTIAL TENANCIES
650 _aSTATUTORY TENANCY
650 _aSUBTENANCY
690 _aLANDLORD AND TENANT-CASE LAW-RESIDENTIAL TENANCIES
942 _n0
948 _c04/03/1997
999 _c5567
_d5567